000 00597nam a22001937a 4500
005 20241213153301.0
008 241213b ||||| |||| 00| 0 eng d
040 _cAL
041 _aEnglish
082 _223
_a348.04
_bEASS
100 _aEastern Book Company
_9190851
245 _aSupreme Court Cases :1989 Supplement Volume 2
260 _aLucknow
_bEastern Book Company
_c2015
300 _a846p.
_bHB
_c24x16cm.
365 _a1061
_b₹959.52
_c
_d₹1279.36
_e25%
_f28/11/2024
650 _aMode of Citation 1989 Supp (2) SCC
_9190852
650 _aSupreme Court
_9190853
942 _2ddc
_cBI
999 _c232856
_d232856